| 000 | 00000nam##2200000za#4500 |
| 001 | 9.592039 |
| 003 | CaOODSP |
| 005 | 20210624201013 |
| 007 | cr ||||||||||| |
| 008 | 150406|2005||||xxc|||||o f|0| 0 fre|d |
| 020 | |a0-662-78839-7 |
| 040 | |aCaOODSP|bfre |
| 043 | |an-cn--- |
| 086 | 1 |aH50-3/181-2005F-PDF |
| 110 | 1 |aCanada.|bSanté Canada. |bDirection générale de la santé de la population et de la santé publique. |
| 245 | 10|aVirus du papillome humain (VPH) |h[ressource électronique] |
| 260 | |aOttawa - Ontario : |bSanté Canada. |cc2004. |
| 300 | |a2p. |
| 490 | 1 |aVotre santé et vous |
| 590 | |a12-21-Supp|b2012-05-18 |
| 691 | 07|aVirus|2gcpds |
| 775 | 08|tHuman Papillomavirus (HPV) |w(CaOODSP)9.559249 |
| 830 | #0|aVotre santé et vous.|w(CaOODSP)9.501134 |
| 856 | 40|ahttp://publications.gc.ca|qPDF|s235 Ko|uhttps://publications.gc.ca/collections/collection_2012/sc-hc/H50-3-181-2005-fra.pdf |